| 000 | 00445nam a2200181 a 4500 | ||
|---|---|---|---|
| 001 | 1761486480539 | ||
| 003 | ACL | ||
| 005 | 20251026192010.0 | ||
| 008 | 251026s2008##################000#0#eng## | ||
| 020 | _a9788131720691 | ||
| 082 | 0 | 4 |
_a658.8702 _bFAW |
| 100 | 1 |
_aFawcett, _eauthor. |
|
| 245 | 1 | 0 | _aSupply Chain Management : |
| 260 |
_bPearson Education India, _c2008. |
||
| 300 | _a560 pages | ||
| 942 | _cENGLISH | ||
| 040 |
_aACL _beng _cACL |
||
| 999 |
_c594034 _d594034 |
||